Top 10 worst countries in the world. In order - Statistics

General Stats
  • This quiz has been taken 24 times
  • The average score is 3 of 10
Answer Stats
Hint Answer % Correct
3 France
71%
4 Afghanistan
54%
8 India
46%
6 Pakistan
42%
1 Israel
33%
2 Somalia
25%
10 Belgium
17%
7 Djibouti
13%
5 Haiti
13%
9 Kosovo
4%
No matching quizzes found
Score Distribution
Percent of People with Each Score
Percentile by Number Answered
Your Score History
You have not taken this quiz